000 00513nam a22001817a 4500
005 20171212113027.0
010 _aENG-121841
020 _a9788192557182
_c700.00
035 _aEN-105373
037 _bDBAD/PUB
082 _a628.13
100 _aJha,N.N
245 _aRain harvesting and water conservation /
_bby N.N.Jha
260 _aAllahabad
_bAnurag Publication
_c2016
270 _a116/70 Lukerganj
_bAllahabad
_e211001
300 _a256p.
_c22cm(Hb)
942 _2ddc
_cEN
_h628.13
_mJHA
999 _c147953
_d147953